Bibliography of English-Language Works on Pure Land Buddhism: Primarily 1983-1989
| Main Author: | |
|---|---|
| Format: | Electronic Article |
| Language: | English |
| Check availability: | HBZ Gateway |
| Interlibrary Loan: | Interlibrary Loan for the Fachinformationsdienste (Specialized Information Services in Germany) |
| Published: |
1989
|
| In: |
The Pacific world
Year: 1989, Volume: 5, Pages: 85-99 |
| Further subjects: | B
Bibliographies
B Bibliographies; Buddhism B Pure Land (Buddhist school) |
| Online Access: |
Volltext (lizenzpflichtig) |
MARC
| LEADER | 00000naa a22000002c 4500 | ||
|---|---|---|---|
| 001 | 1839690933 | ||
| 003 | DE-627 | ||
| 005 | 20230321135334.0 | ||
| 007 | cr uuu---uuuuu | ||
| 008 | 230321s1989 xx |||||o 00| ||eng c | ||
| 035 | |a (DE-627)1839690933 | ||
| 035 | |a (DE-599)KXP1839690933 | ||
| 040 | |a DE-627 |b ger |c DE-627 |e rda | ||
| 041 | |a eng | ||
| 084 | |a 0 |2 ssgn | ||
| 100 | 1 | |a Tanaka, Kenneth (Kenneth Ken'ichi) |e VerfasserIn |4 aut | |
| 245 | 1 | 0 | |a Bibliography of English-Language Works on Pure Land Buddhism: Primarily 1983-1989 |
| 264 | 1 | |c 1989 | |
| 336 | |a Text |b txt |2 rdacontent | ||
| 337 | |a Computermedien |b c |2 rdamedia | ||
| 338 | |a Online-Ressource |b cr |2 rdacarrier | ||
| 650 | 4 | |a Bibliographies | |
| 650 | 4 | |a Bibliographies; Buddhism | |
| 650 | 4 | |a Pure Land (Buddhist school) | |
| 773 | 0 | 8 | |i Enthalten in |t The Pacific world |d Berkeley, Calif. : Inst., 1982 |g 5(1989), Seite 85-99 |h Online-Ressource |w (DE-627)798155159 |w (DE-600)2787017-0 |w (DE-576)41523901X |7 nnas |
| 773 | 1 | 8 | |g volume:5 |g year:1989 |g pages:85-99 |
| 856 | 4 | 0 | |u https://pwj.shin-ibs.edu/ |x Verlag |z lizenzpflichtig |3 Volltext |7 1 |
| 951 | |a AR | ||
| ELC | |a 1 | ||
| LOK | |0 000 xxxxxcx a22 zn 4500 | ||
| LOK | |0 001 4294256133 | ||
| LOK | |0 003 DE-627 | ||
| LOK | |0 004 1839690933 | ||
| LOK | |0 005 20230321135334 | ||
| LOK | |0 008 230321||||||||||||||||ger||||||| | ||
| LOK | |0 040 |a DE-Tue135 |c DE-627 |d DE-Tue135 | ||
| LOK | |0 092 |o n | ||
| LOK | |0 852 |a DE-Tue135 | ||
| LOK | |0 852 1 |9 00 | ||
| LOK | |0 935 |a ixzs |a ixzo |a rwrk | ||
| LOK | |0 939 |a 21-03-23 |b l01 | ||
| ORI | |a SA-MARC-ixtheoa001.raw | ||
| REL | |a 1 | ||
| SUB | |a REL | ||